000 00413 a2200133 4500
001 ART_3685
005 20260410161717.0
008 260409a
245 1 0 _aLa deuda externa privada en la Argentina (1991-2005)
100 1 _aBasualdo, Eduardo M.
700 1 _aNahon, Cecilia
700 1 _aNochteff, Hugo J.
773 0 _tDesarrollo económico
_g- Vol. 47, Nº 186 (jul./sep. 2007)
_wREV1174
999 _c16616
_d16616